Dog man for whom the ball rolls / (Record no. 49663)
| 000 -LEADER | |
|---|---|
| fixed length control field | 00320nam a2200121 4500 |
| 020 ## - INTERNATIONAL STANDARD BOOK NUMBER | |
| International Standard Book Number | 9789814885775 |
| 100 ## - MAIN ENTRY--PERSONAL NAME | |
| Personal name | Pilkey, Dav |
| 9 (RLIN) | 56311 |
| 245 ## - TITLE STATEMENT | |
| Title | Dog man for whom the ball rolls / |
| Statement of responsibility, etc | Dav Pilkey |
| 260 ## - PUBLICATION, DISTRIBUTION, ETC. (IMPRINT) | |
| Place of publication, distribution, etc | New York |
| Name of publisher, distributor, etc | Scholastic |
| Date of publication, distribution, etc | 2019 |
| 300 ## - PHYSICAL DESCRIPTION | |
| Extent | 236 p. |
| Other physical details | col. ill. |
| Dimensions | 21 cm. |
| 490 ## - SERIES STATEMENT | |
| Series statement | Dog man |
| 942 ## - ADDED ENTRY ELEMENTS (KOHA) | |
| Source of classification or shelving scheme | |
| Koha item type | Books/GRAPHICS |
| Withdrawn status | Lost status | Source of classification or shelving scheme | Damaged status | Not for loan | Home library | Current library | Shelving location | Date acquired | Total Checkouts | Full call number | Barcode | Checked out | Date last seen | Date checked out | Price effective from | Koha item type |
|---|---|---|---|---|---|---|---|---|---|---|---|---|---|---|---|---|
| Asian Hope Primary Library | Asian Hope Primary Library | Junior Fiction | 10/27/2025 | 12 | J GRAPHIX PIL | 209384 | 05/06/2026 | 04/29/2026 | 04/29/2026 | 10/27/2025 | Books/GRAPHICS |